Dark,fair and Tan

Bibliographic Details
Main Author: Abd.Hadi
Other Authors: Azalan, illustrated
Format: Book
Published: Kuala Lumpur : Goodmark Enterprise , 1996
Series:Bukit Kiara young reader series
Subjects:

MARC

LEADER 00000cam a2200000 7i4500
001 0000007167
002 000007711
005 20000330.0
020 |a 9830571432 
090 0 0 |a JF   |b ABD 
100 0 |a Abd.Hadi 
245 1 0 |a Dark,fair and Tan   |c Abd Hadi ; illustrated by Azalan 
260 |a Kuala Lumpur :   |b Goodmark Enterprise ,   |c 1996 
300 |a 24p. :   |b ill. ;   |c 28cm. 
490 0 |a Bukit Kiara young reader series 
650 0 0 |a Children's stories 
700 1 |a Azalan, illustrated 
999 |a 054763   |b BUKU   |c PINJAMAN   |e PERPUSTAKAAN KOMUNITI CAW KOTA DAMANSARA 
999 |a 054764   |b BUKU   |c PINJAMAN   |e PERPUSTAKAAN KOMUNITI CAW KOTA DAMANSARA